000 01327cam a22003494a 4500
999 _c532998
_d532998
001 12373365
003 NUST
005 20191210101304.0
008 000919s2000 enka b 001 0 eng
010 _a 2001339662
020 _a1874719349
020 _a1874719357 (pbk.)
035 _a(UkLWHE)b000080662
038 _aMSOHAIL
040 _aDLC
_cDLC
_dDLC
042 _apcc
050 0 0 _aHF5686.I56
_bS32 2000
082 0 0 _a657
_221
100 1 _aSchaltegger, S.
_q(Stefan),
_d1964-
_926645
245 1 0 _aContemporary environmental accounting :
_bissues, concepts, and practice /
_cStefan Schaltegger and Roger Burritt.
260 _aSheffield :
_bGreenleaf,
_c2000.
300 _a462 p. :
_bill. ;
_c24 cm.
504 _aIncludes bibliographical references (p. [409]-436) and index.
650 0 _aInternational business enterprises
_xEnvironmental aspects
_xAccounting.
_926646
650 0 _aEnvironmental auditing.
_926647
650 0 _aIndustrial management
_xEnvironmental aspects
_xAccounting.
_926648
650 0 _aNatural resources
_xAccounting.
_926649
700 1 _aBurritt, Roger.
_926650
906 _a7
_bcbc
_corigres
_d3
_encip
_f20
_gy-gencatlg
942 _2ddc
_cBK